00305nam a2200121Ia 4500008004100000041000800041082001600049100002100065245002800086250001800114260003000132300002100162240624s9999 xx 000 0 und d aeng a332.602 CHA aMUNGER CHARLES T aPOOR CHARLIE S ALMANACK a(3rd Ed. ed.) c2006aVirginia BeachbVA  a532 : p. ; 26cm.